[Event "Mittelfrank Regionalliga Sud-Ost 2223"]
[Site "Mittelfranken"]
[Date "2022.10.23"]
[Round "2.4"]
[White "Astner, Sebastian"]
[Black "Hirtreiter, Alexander"]
[Result "1-0"]
[WhiteElo "1990"]
[BlackElo "1927"]
[PlyCount "39"]
[EventDate "2022.10.09"]
[EventType "team-tourn"]
[EventRounds "9"]
[EventCountry "GER"]
[SourceTitle "EXT 2024"]
[Source "ChessBase"]
[SourceDate "2023.10.10"]
[SourceVersion "1"]
[SourceVersionDate "2023.10.10"]
[SourceQuality "1"]
[WhiteTeam "Ergolding"]
[BlackTeam "Landau Dingolfing"]
[WhiteTeamCountry "GER"]
[BlackTeamCountry "GER"]

1. e4 e5 2. Nf3 d6 3. d4 exd4 4. Nxd4 g6 5. Nc3 Bg7 6. Be3 Ne7 7. Qd2 Nbc6 8. 0-0-0 Nxd4 9. Bxd4 f6 10. Bc4 Nc6 11. h4 Nxd4 12. Qxd4 h5 13. f3 Bh6+ 14. Kb1 Kf8 15. Rdg1 Bf4 16. Ne2 Bh6 17. g4 hxg4 18. fxg4 Bg7 19. Nf4 Rh6 20. Qd5 1-0

[Event "Niederbayernliga 1516"]
[Site "Bayern"]
[Date "2016.03.13"]
[Round "8.4"]
[White "Siemens, Andreas"]
[Black "Hirtreiter, Alexander"]
[Result "0-1"]
[WhiteElo "1920"]
[BlackElo "1871"]
[PlyCount "124"]
[EventDate "2015.10.11"]
[EventType "team-tourn"]
[EventRounds "9"]
[EventCountry "GER"]
[SourceTitle "EXT 2023"]
[Source "ChessBase"]
[SourceDate "2022.10.05"]
[SourceVersion "1"]
[SourceVersionDate "2022.10.05"]
[SourceQuality "1"]
[WhiteTeam "Rottal II"]
[BlackTeam "Landau Dingolfing"]
[WhiteTeamCountry "GER"]
[BlackTeamCountry "GER"]

1. Nf3 d5 2. c4 c6 3. b3 Nf6 4. Bb2 e6 5. g3 b5 6. cxb5 cxb5 7. Bg2 Nc6 8. 0-0 Bb7 9. Nc3 Qb6 10. Rc1 Be7 11. e3 0-0 12. d4 Rfc8 13. h3 a5 14. a4 b4 15. Nb1 Ba6 16. Re1 Ne4 17. Nfd2 Nf6 18. Bf1 Nd8 19. Qf3 Rxc1 20. Rxc1 Rc8 21. Rxc8 Bxc8 22. Qe2 Qc7 23. Qd3 Nb7 24. Be2 Nd6 25. Bd1 Nde4 26. Qc2 Qb8 27. Nf1 Ba6 28. Nbd2 Bd6 29. Kg2 h6 30. Bf3 Ng5 31. Bd1 Bb7 32. h4 Nge4 33. Nxe4 Nxe4 34. Nd2 Nxf2 35. Kxf2 Bxg3+ 36. Kg2 Bxh4 37. Nf1 Qd8 38. Qe2 Qd6 39. Bc2 Bd8 40. Qb5 Bc6 41. Qa6 g6 42. Bd3 Qc7 43. Kf3 Bb7 44. Qb5 Bg5 45. Ke2 h5 46. Kf2 h4 47. Bb1 h3 48. Qe2 Bh4+ 49. Kg1 Qe7 50. Qg4 Qf6 51. Bd3 Qf2+ 52. Kh1 Qxb2 53. Qxh3 Qf2 54. Qg4 Kg7 55. Bb5 Bf6 56. Qg2 Qe1 57. Qg3 Qc3 58. Qb8 Bc6 59. Qb6 Bxb5 60. axb5 a4 61. bxa4 b3 62. Qc5 Qe1 0-1

[Event "Regionalliga SO 1314"]
[Site "Bayern"]
[Date "2014.04.06"]
[Round "9.4"]
[White "Hirtreiter, Alexander"]
[Black "Gschwendtner, Klaus"]
[Result "1/2-1/2"]
[WhiteElo "1872"]
[BlackElo "2030"]
[PlyCount "61"]
[EventDate "2013.10.13"]
[EventType "team-tourn"]
[EventRounds "9"]
[EventCountry "GER"]
[SourceTitle "EXT 2015"]
[Source "ChessBase"]
[SourceDate "2014.11.20"]
[SourceVersion "1"]
[SourceVersionDate "2014.11.20"]
[SourceQuality "1"]
[WhiteTeam "Landau Dingolfing"]
[BlackTeam "Starnberger See"]
[WhiteTeamCountry "GER"]
[BlackTeamCountry "GER"]

1. e4 e5 2. Nc3 Nf6 3. Bc4 Bc5 4. d3 d6 5. h3 c6 6. Bg5 h6 7. Bh4 a5 8. a3 Nbd7 9. Nge2 Ba7 10. 0-0 Nf8 11. Kh1 g5 12. Bg3 Ng6 13. f3 Nh5 14. Bh2 Nhf4 15. Nxf4 gxf4 16. Bg1 Qh4 17. Bxa7 Bxh3 18. Bf2 Bxg2+ 19. Kxg2 Qg5+ 20. Kh3 Qh5+ 21. Kg2 Nh4+ 22. Bxh4 Rg8+ 23. Bg3 Rxg3+ 24. Kf2 Qh4 25. Rh1 Rh3+ 26. Ke2 Rh2+ 27. Rxh2 Qxh2+ 28. Ke1 Qg1+ 29. Ke2 Qg2+ 30. Ke1 Qg1+ 31. Ke2 1/2-1/2

[Event "Regionalliga SO 1314"]
[Site "Bayern"]
[Date "2014.01.19"]
[Round "5.4"]
[White "Hirtreiter, Alexander"]
[Black "Jergler, Karl Heinz"]
[Result "0-1"]
[WhiteElo "1872"]
[BlackElo "2090"]
[PlyCount "94"]
[EventDate "2013.10.13"]
[EventType "team-tourn"]
[EventRounds "9"]
[EventCountry "GER"]
[SourceTitle "EXT 2015"]
[Source "ChessBase"]
[SourceDate "2014.11.20"]
[SourceVersion "1"]
[SourceVersionDate "2014.11.20"]
[SourceQuality "1"]
[WhiteTeam "Landau Dingolfing"]
[BlackTeam "Waldkraiburg"]
[WhiteTeamCountry "GER"]
[BlackTeamCountry "GER"]

1. e4 c5 2. Nc3 Nc6 3. f4 g6 4. Nf3 Bg7 5. Bc4 e6 6. 0-0 Nge7 7. a3 0-0 8. Qe1 d5 9. Ba2 Nd4 10. Nxd4 cxd4 11. Nd1 dxe4 12. Qxe4 Qb6 13. d3 Bd7 14. Rb1 Rac8 15. Qe2 Qc7 16. Rf2 Ba4 17. b3 Bc6 18. b4 Bd5 19. Rb2 Rfd8 20. Bd2 Qd7 21. Bxd5 Nxd5 22. Be1 Ne3 23. Ra2 e5 24. Nxe3 dxe3 25. Rf3 exf4 26. Rxf4 Qe6 27. c4 Qd6 28. Qf3 Rd7 29. Kf1 Qxd3+ 30. Qe2 Qd6 31. Rh4 Qe6 32. Rc2 Rcd8 33. Rh3 Rd3 34. a4 Qe5 35. Rc1 Qf4+ 36. Kg1 Qe4 37. Kf1 f5 38. c5 f4 39. Qa2+ Qd5 40. Qxd5+ R8xd5 41. Ke2 g5 42. Rf3 Be5 43. h3 h5 44. b5 g4 45. Rf1 Rd2+ 46. Bxd2 Rxd2+ 47. Ke1 f3 0-1

[Event "Regionalliga SO 1314"]
[Site "Bayern"]
[Date "2013.11.10"]
[Round "2.3"]
[White "Gesing, Oliver"]
[Black "Hirtreiter, Alexander"]
[Result "1/2-1/2"]
[WhiteElo "2108"]
[BlackElo "1872"]
[PlyCount "86"]
[EventDate "2013.10.13"]
[EventType "team-tourn"]
[EventRounds "9"]
[EventCountry "GER"]
[SourceTitle "EXT 2015"]
[Source "ChessBase"]
[SourceDate "2014.11.20"]
[SourceVersion "1"]
[SourceVersionDate "2014.11.20"]
[SourceQuality "1"]
[WhiteTeam "Graefelfing"]
[BlackTeam "Landau Dingolfing"]
[WhiteTeamCountry "GER"]
[BlackTeamCountry "GER"]

1. e4 e5 2. Nf3 Nc6 3. Nc3 f5 4. d4 exd4 5. Nxd4 Nxd4 6. Qxd4 fxe4 7. Nxe4 Qe7 8. Bg5 Qb4+ 9. Qxb4 Bxb4+ 10. c3 Be7 11. 0-0-0 Bxg5+ 12. Nxg5 h6 13. Nf3 d6 14. Bc4 Nf6 15. Rhe1+ Kd8 16. Ne5 Re8 17. Nf7+ Kd7 18. Bb5+ c6 19. Rxd6+ Kc7 20. Rxe8 Nxe8 21. Rd8 Nf6 22. Be2 Rb8 23. a3 Be6 24. Rxb8 Kxb8 25. Ne5 Kc7 26. Kd2 Kd6 27. Nc4+ Bxc4 28. Bxc4 Ke5 29. h3 g5 30. Ke3 Nd7 31. g3 Nf6 32. Bf7 Nd7 33. Bh5 Nb6 34. f4+ gxf4+ 35. gxf4+ Kf6 36. Bg4 Nc4+ 37. Kd4 Nxb2 38. c4 Na4 39. c5 b6 40. cxb6 axb6 41. Bd7 c5+ 42. Kc4 Nb2+ 43. Kc3 Nd1+ 1/2-1/2

[Event "Niederbayernliga 1011"]
[Site "Germany"]
[Date "2011.04.10"]
[Round "9.4"]
[White "Woestmann, Oliver"]
[Black "Hirtreiter, Alexander"]
[Result "0-1"]
[WhiteElo "1510"]
[BlackElo "1858"]
[PlyCount "42"]
[EventDate "2010.10.10"]
[EventType "team-tourn"]
[EventRounds "9"]
[EventCountry "GER"]
[SourceTitle "EXT 2012"]
[Source "ChessBase"]
[SourceDate "2011.11.24"]
[SourceVersion "1"]
[SourceVersionDate "2011.11.24"]
[SourceQuality "1"]
[WhiteTeam "Aham"]
[BlackTeam "Adlkofen"]
[WhiteTeamCountry "GER"]
[BlackTeamCountry "GER"]

1. c4 e5 2. Nc3 Nc6 3. g3 f5 4. Bg2 Nf6 5. d3 Bc5 6. Nf3 d6 7. Bg5 h6 8. Bxf6 Qxf6 9. Nd5 Qf7 10. e3 0-0 11. 0-0 Nb4 12. Nxb4 Bxb4 13. a3 Ba5 14. b4 Bb6 15. Nd2 c6 16. Rc1 f4 17. e4 fxg3 18. hxg3 Bxf2+ 19. Kh2 Qg6 20. Qe2 Bg4 21. Nf3 Qh5+ 0-1

[Event "Niederbayern-ch"]
[Site "Mamming"]
[Date "2011.03.10"]
[Round "2"]
[White "Popp, Michael"]
[Black "Hirtreiter, Alexander"]
[Result "1/2-1/2"]
[WhiteElo "1967"]
[BlackElo "1822"]
[PlyCount "38"]
[EventDate "2011.03.10"]
[EventType "swiss"]
[EventRounds "7"]
[EventCountry "GER"]
[SourceTitle "EXT 2023"]
[Source "ChessBase"]
[SourceDate "2022.10.05"]
[SourceVersion "1"]
[SourceVersionDate "2022.10.05"]
[SourceQuality "1"]

1. d4 d5 2. Nf3 Nf6 3. c4 c6 4. Qc2 g6 5. e3 Bf5 6. Bd3 Bxd3 7. Qxd3 Nbd7 8. b3 Bg7 9. Nbd2 0-0 10. 0-0 Re8 11. Bb2 e6 12. Rad1 Qc7 13. Rfe1 Rac8 14. Rc1 Qd6 15. c5 Qc7 16. b4 Ng4 17. e4 f5 18. e5 Qd8 19. a4 Nh6 1/2-1/2

[Event "Niederbayernliga 1112"]
[Site "Bayern"]
[Date "2011.??.??"]
[Round "1"]
[White "Yazici, Arda"]
[Black "Hirtreiter, Alexander"]
[Result "1/2-1/2"]
[WhiteElo "1803"]
[BlackElo "1858"]
[PlyCount "116"]
[EventDate "2011.10.??"]
[EventType "team-tourn"]
[EventRounds "9"]
[EventCountry "GER"]
[SourceTitle "EXT 2023"]
[Source "ChessBase"]
[SourceDate "2022.10.05"]
[SourceVersion "1"]
[SourceVersionDate "2022.10.05"]
[SourceQuality "1"]
[WhiteTeam "Bayerwald Regen"]
[BlackTeam "Landau Dingolfing"]
[WhiteTeamCountry "GER"]
[BlackTeamCountry "GER"]

1. d4 d5 2. c4 c6 3. cxd5 cxd5 4. Nc3 Nf6 5. Bg5 e6 6. e3 Bd7 7. Nf3 Nc6 8. Bb5 a6 9. Bxc6 bxc6 10. Ne5 Be7 11. Qa4 c5 12. Nxd7 Nxd7 13. Bxe7 Qxe7 14. dxc5 Qxc5 15. 0-0 Ra7 16. Rfc1 0-0 17. Ne2 Qb6 18. Qd4 Qb7 19. Rc2 Raa8 20. Rac1 Rfc8 21. b3 Rxc2 22. Rxc2 Rc8 23. Rxc8+ Qxc8 24. Qc3 Qb7 25. Nd4 h6 26. h3 e5 27. Nf3 f6 28. Nh4 Nf8 29. Nf5 Qd7 30. g4 h5 31. f3 g6 32. Ng3 hxg4 33. fxg4 Ne6 34. Kf2 Kf7 35. Qd3 Nc5 36. Qc2 Qb5 37. Kg2 Ne6 38. h4 Qb7 39. Kh2 Qb4 40. Kh3 Qb6 41. Qc8 Nf8 42. h5 gxh5 43. gxh5 Qe6+ 44. Qxe6+ Nxe6 45. Kg4 d4 46. exd4 Nxd4 47. Nf5 Nc2 48. Kf3 Nb4 49. a3 Nc2 50. a4 a5 51. Ke4 Na1 52. b4 axb4 53. Kd3 e4+ 54. Kc4 Nc2 55. Nd6+ Kg7 56. Nxe4 f5 57. Nf2 b3 58. Kxb3 Nd4+ 1/2-1/2

[Event "Niederbayernliga 1011"]
[Site "Germany"]
[Date "2010.12.12"]
[Round "4.4"]
[White "Hirtreiter, Alexander"]
[Black "Wiedmann, Klaus"]
[Result "1/2-1/2"]
[WhiteElo "1858"]
[BlackElo "1915"]
[PlyCount "83"]
[EventDate "2010.10.10"]
[EventType "team-tourn"]
[EventRounds "9"]
[EventCountry "GER"]
[SourceTitle "EXT 2012"]
[Source "ChessBase"]
[SourceDate "2011.11.24"]
[SourceVersion "1"]
[SourceVersionDate "2011.11.24"]
[SourceQuality "1"]
[WhiteTeam "Adlkofen"]
[BlackTeam "Rottal II"]
[WhiteTeamCountry "GER"]
[BlackTeamCountry "GER"]

1. e4 c5 2. Nc3 Nc6 3. f4 d6 4. Nf3 e5 5. fxe5 dxe5 6. Bb5 Bd6 7. 0-0 a6 8. Bxc6+ bxc6 9. d3 h6 10. Qe1 Ne7 11. Qg3 Ng6 12. h4 0-0 13. Bxh6 gxh6 14. h5 Qf6 15. hxg6 Qxg6 16. Qxg6+ fxg6 17. Nh4 Rxf1+ 18. Rxf1 Kg7 19. b3 Bg4 20. Nf3 Rb8 21. Nd2 Be6 22. Na4 h5 23. Kh2 Rf8 24. Rxf8 Bxf8 25. Kg3 Kf6 26. Nc4 Bxc4 27. bxc4 Ke6 28. Kf3 g5 29. Nc3 g4+ 30. Kg3 Kf6 31. Na4 Kg5 32. Nb6 h4+ 33. Kf2 Kf4 34. Nd7 Bd6 35. Nf6 Bc7 36. Ne8 Ba5 37. Ng7 g3+ 38. Ke2 Kg4 39. Nf5 Bd8 40. Ne3+ Kf4 41. Nf5 Bg5 42. Ne3 1/2-1/2

[Event "Niederbayernliga 0910"]
[Site "Germany"]
[Date "2009.11.15"]
[Round "2.5"]
[White "Hackbarth, Christa"]
[Black "Hirtreiter, Alexander"]
[Result "1/2-1/2"]
[WhiteElo "1773"]
[BlackElo "1829"]
[PlyCount "59"]
[EventDate "2009.10.18"]
[EventType "team-tourn"]
[EventRounds "9"]
[EventCountry "GER"]
[SourceTitle "EXT 2011"]
[Source "ChessBase"]
[SourceDate "2010.11.26"]
[SourceVersion "1"]
[SourceVersionDate "2010.11.26"]
[SourceQuality "1"]
[WhiteTeam "Simbach"]
[BlackTeam "Landau Dingolfing"]
[WhiteTeamCountry "GER"]
[BlackTeamCountry "GER"]

1. d4 d5 2. Bf4 c5 3. c3 Nc6 4. e3 Nf6 5. Nf3 Bg4 6. Be2 e6 7. h3 Bh5 8. Nbd2 h6 9. Qb3 Qb6 10. Qxb6 axb6 11. Bc7 Nd7 12. Bb5 f6 13. 0-0 Be7 14. Rfe1 Rc8 15. Bg3 0-0 16. e4 Bd8 17. exd5 exd5 18. Bd6 Re8 19. Rxe8+ Bxe8 20. Re1 Bf7 21. Nb3 c4 22. Nbd2 Bc7 23. Bxc7 Rxc7 24. Nh4 Ne7 25. Ba4 g6 26. Nf1 b5 27. Bc2 Kg7 28. Re3 Nf8 29. Rg3 Kh7 30. Re3 1/2-1/2

[Event "Niederbayern-ch MK 47th"]
[Site "Aidenbach"]
[Date "2006.??.??"]
[Round "3"]
[White "Lichtmannecker, Hans Juergen"]
[Black "Hirtreiter, Alexander"]
[Result "0-1"]
[WhiteElo "1579"]
[BlackElo "1725"]
[PlyCount "130"]
[EventDate "2006.04.18"]
[EventType "swiss"]
[EventRounds "9"]
[EventCountry "GER"]
[SourceTitle "EXT 2023"]
[Source "ChessBase"]
[SourceDate "2022.10.05"]
[SourceVersion "1"]
[SourceVersionDate "2022.10.05"]
[SourceQuality "1"]

1. d4 d5 2. Nc3 Nf6 3. Bg5 Nc6 4. Nf3 Bf5 5. e3 h6 6. Bxf6 exf6 7. a3 a6 8. Bd3 Be6 9. Ne2 Bd6 10. Ng3 Qd7 11. Rc1 b5 12. Nh4 Ne7 13. Nh5 Rg8 14. h3 Nf5 15. Nxf5 Bxf5 16. g4 Bg6 17. Qf3 0-0-0 18. Nf4 Bxf4 19. Qxf4 Qd6 20. Bf5+ Kb7 21. Qf3 Kb6 22. Bxg6 fxg6 23. 0-0 Rgf8 24. Qg2 f5 25. f3 Rde8 26. Rce1 c6 27. c3 Rf6 28. Qh2 Qe7 29. Rf2 Re6 30. Rfe2 Qh4 31. b4 h5 32. Kh1 hxg4 33. hxg4 Qg5 34. Qg3 Kb7 35. f4 Rh8+ 36. Kg2 Qh6 37. g5 Qh5 38. Rf2 Re4 39. Rff1 Qh7 40. Rh1 Qg8 41. Rxh8 Qxh8 42. Rh1 Qf8 43. Kf2 Re8 44. Qf3 Qe7 45. Rh7 Rg8 46. Rh3 Qe8 47. Rh7 Kb6 48. Ke2 a5 49. Kd2 axb4 50. cxb4 Qa8 51. Qd1 Qxa3 52. Qb1 Re8 53. Rh3 Ra8 54. Rh7 Ra4 55. Ke2 Rxb4 56. Qe1 Rb3 57. Kf3 Qe7 58. Qc1 Ra3 59. Qc5+ Qxc5 60. dxc5+ Kxc5 61. Rxg7 b4 62. Rxg6 b3 63. Rg8 Ra4 64. Rb8 Rb4 65. Rxb4 Kxb4 0-1